000 002740000a22000970004500
100 1 _aPenkower, Jordan S.
245 1 0 _aThe chapter divisions in the 1525 Rabbinic Bible
300 _aVol. 48, Num. 3 (Julio, 1998), Páginas 350-374
773 0 _tVetus Testamentum
942 _cANA
999 _c58213
_d58213